Osmanlılıktan Cumhuriyet'e Kızıltoprak anıları / (Record no. 12706)

MARC details
000 -BAŞLIK
Sabit Uzunlukta Kontrol Alanı 00789nam a22002297a 4500
999 ## - SİSTEM KONTROL NUMARALARI (KOHA)
Koha Biblionumber 12706
Koha Biblioitemnumber 12706
003 - KONTROL NUMARASI IDENTIFIER
Denetim Alanı MIRAKIL
005 - SON İŞLEM TARİHİ VE ZAMANI
Denetim Alanı 20190206175322.0
008 - SABİT-BOY VERİ ELEMANLARI - GENEL BİLGİLER
Sabit Uzunlukta Kontrol Alanı 190206b tu ||||| |||| 00| 0 tur d
020 ## - ULUSLARARASI STANDART KİTAP NUMARASI
Uluslararası Standart Kitap Numarası 9786053326878
040 ## - KATALOGLAMA KAYNAK
Orijinal Kataloglama Ajansı TR-AnCHP
Metne Dönüştürmek Ajansı TR-AnCHP
041 ## - DİL KODU
Metin / Ses Parça Veya Ayrı Başlığın Dil Kodu tur
082 ## - DEWEY ONLU SINIFLANDIRMA NUMARASI
Sınıflandırma Numarası 818.4103
Ürün Numarası N39o 2016
100 1# - ANA GİRİŞ - KİŞİSEL İSİM
Kişisel Ad Neyzi, Nezih H.
245 10 - BAŞLIK TABLOSU
Başlık Osmanlılıktan Cumhuriyet'e Kızıltoprak anıları /
Sorumluluk Tablosu, Vb Nezih Halim Neyzi ; editör: Emre Yalçın
260 ## - YAYIN, DAĞITIM, VB
Yayın, Dağıtım, Vb Yeri İstanbul :
Yayıncı, Dağıtıcı, Vs Adı Türkiye İş Bankası Kültür Yayınları,
Yayın, Dağıtım, Vb Tarihi 2016.
300 ## - FİZİKSEL TANIM
Kapsam xviii, 445 s. :
Diğer Fiziksel Ayrıntıları fotğ., hrt. ;
Boyutlar 20 sm.
490 0# - SERİSİ TABLOSU
Seri Beyanı Türkiye İş Bankası Kültür Yayınları ;
Hacim / Ardışık Tanımı genel yayın: 3491
504 ## - KAYNAKÇA VB NOT
Kaynakça Vb Notu Dizin vardır.
650 #0 - KONU KATMA GİRİŞ - TOPİKAL DÖNEM
9 (RLIN) 19
Topikal Süreli Veya Coğrafi Ad Giriş Elemanı Türk edebiyatı
Genel Alt Bölümü Anılar
700 1# - KATMA GİRİŞ - KİŞİSEL İSİM
9 (RLIN) 1247
Kişisel Ad Yalçın, Emre
Relator Terim ed.
942 ## - EKLENDİ GİRİŞ ELEMANLARI (KOHA)
Sınıflandırma Veya Raf Düzeni Kaynak Dewey Decimal Classification
Koha Öğesi Türü Books
Holdings
Kalıcı Konum Mevcut Konum Edinme Tarihi Edinim Kaynak Toplam Check-Out'Lar Tam Çağrı Numarası Barkod Tarih Son Görülme İtibaren Geçerli Fiyatlar Sigara Kamu Notu Koha Öğesi Türü
CHP Kütüphanesi CHP Kütüphanesi 02/06/2019 Bağış   818.4103 N39o 2016 018815 02/06/2019 02/06/2019 Kemal Kılıçdaroğlu bağışıdır. Books